logo

Bir Sreshtho Munshi Abdur Rouf Library
Jhenaidah Cadet College

English for First Examinations Part One / (Record no. 6984)

MARC details
000 -LEADER
fixed length control field 00554nam a2200205 a 4500
001 - CONTROL NUMBER
JCCL Control Number 6984
003 - CONTROL NUMBER IDENTIFIER
JCCL marc code BD-JhCC
005 - DATE AND TIME OF LATEST TRANSACTION
control field 20180203173942.0
008 - FIXED-LENGTH DATA ELEMENTS--GENERAL INFORMATION
fixed length control field 180203s1968 uk |||| |||| 000 0 eng d
035 ## - SYSTEM CONTROL NUMBER
system control number (BD-JhCC)
040 ## - CATALOGING SOURCE
Original cataloging agency BD-JhCC
Modifying agency BD-JhCC
041 ## - LANGUAGE CODE
Language code of Book eng
082 ## - DEWEY DECIMAL CLASSIFICATION NUMBER
Classification number 828.2496
Author mark and Year HER 1968
100 ## - MAIN ENTRY--PERSONAL NAME
Personal name Herrington, J. O. A.
245 ## - TITLE STATEMENT
Title English for First Examinations Part One /
Statement of responsibility, etc J. O. A. Herrington
260 ## - PUBLICATION, DISTRIBUTION, ETC. (IMPRINT)
Place of publication, distribution, etc London:
Name of publisher, distributor, etc Heinemann Educational Books Ltd;
Date of publication, distribution, etc 1968
300 ## - PHYSICAL DESCRIPTION
Pagination 239 p;,
Dimensions 22 cm
650 ## - SUBJECT ADDED ENTRY--TOPICAL TERM
Topical term or geographic name as entry element English lanugage
942 ## - ADDED ENTRY ELEMENTS (KOHA)
Source of classification or shelving scheme Dewey Decimal Classification
Koha item type Books
Holdings
Source of classification or shelving scheme Damaged status Not for loan Home library Current library Shelving location Date of accession Total Checkouts Full call number Barcode Date last seen Copy number Koha item type
Dewey Decimal Classification     JCC Rouf Library JCC Rouf Library General Stacks 02/03/2018   828.2496 HER 1968 8745 02/03/2018 C-1 Books

JCC Library | Contacts | JCC Home

Last Update on 23 September 2017
Copyright @ 2017-2020 JCC Rouf Library
Rouf Library, Jhenidah Cadet College (JCC), Bangladesh